| 000 | 00399nam a22001217a 4500 | ||
|---|---|---|---|
| 082 | _a200 THE | ||
| 100 |
_aMUNAZZA SHABBIR _970124 |
||
| 245 | _aTH-SOF-1263-Detection and Prevention of Distributed Denial of Service Attacks In VANETs | ||
| 260 |
_aIslamabad _bNUST College of EME _c2013 |
||
| 650 |
_aMS-COMPUTER ENGINEERING _929335 |
||
| 700 |
_a Supervisor Dr. MUAZZAM A. KHAN _969916 |
||
| 942 | _cCF | ||
| 999 |
_c577158 _d577158 |
||